Essentials of Psychology Exploration and Application

Gespeichert in:
Bibliographische Detailangaben
1. Verfasser: Coon, Dennis
Format: Buch
Sprache:Englisch
Veröffentlicht: St. Paul West Pub. Co. 1988
Ausgabe:4. ed.
Schlagworte:
Tags: Tag hinzufügen
Keine Tags, Fügen Sie das erste Tag hinzu!

MARC

LEADER 00000nam a2200000 4500
001 c002570
005 20221206134210.2
020 |a 0-314-62480-5 
041 0 |a eng 
044 |a US 
245 1 0 |a Essentials of Psychology  |b Exploration and Application  |c Dennis Coon 
250 |a 4. ed. 
264 1 |a St. Paul  |b West Pub. Co.  |c 1988 
300 |a 709 s.  |e príl. 
610 2 0 |a psychológia 
610 2 0 |a výskum 
610 2 0 |a behaviorizmus 
610 2 0 |a vedomie 
610 2 0 |a správanie 
610 2 0 |a psychológia sociálna 
610 2 0 |a osobnosť 
100 1 |a Coon, Dennis